Piłkarze Atletico Madryt - Statystyki

Ogólne statystyki
  • Ten quiz został rozwiązany 164 razy
    58 od ostatniego zresetowania
  • Średni wynik to 17 z 24
Statystyki odpowiedzi
Piłkarz Narodowość Pozycja % Poprawnych
Jan Oblak Słowenia Bramkarz
100%
Alexander Sørloth Norwegia Napastnik
89%
Antoine Griezmann Francja Napastnik
89%
José María Giménez Urugwaj Obrońca
87%
Julián Alvarez Argentyna Napastnik
87%
Koke Hiszpania Pomocnik
87%
Conor Gallagher Anglia Pomocnik
85%
Giuliano Simeone Argentyna Napastnik
83%
Dávid Hancko Słowacja Obrońca
80%
Nahuel Molina Argentyna Obrońca
76%
Johnny Cardoso USA Pomocnik
70%
Juan Musso Włochy Bramkarz
70%
Marcos Llorente Hiszpania Obrońca
70%
Giacomo Raspadori Włochy Napastnik
67%
Pablo Barrios Hiszpania Pomocnik
67%
Clément Lenglet Francja Obrońca
65%
Robin Le Normand Hiszpania Obrońca
65%
Matteo Ruggeri Włochy Obrońca
63%
Álex Baena Hiszpania Napastnik
61%
Javi Galán Hiszpania Obrońca
54%
Thiago Almada Argentyna Napastnik
48%
Nico González Argentyna Napastnik
46%
Marc Pubill Hiszpania Obrońca
41%
Carlos Martín Hiszpania Napastnik
24%
Nie znaleziono quizów pasujących do podanych kryteriów
Rozkład punktacji
Procent ludzi z każdym wynikiem
Percentyl według liczby udzielonych odpowiedzi
Twoja historia wyników
Nie rozwiązałeś tego quizu od ostatniego zresetowania